Loading...
| Fine Arts - Painting and Sculpture | 0 | 3 | 0 | 0 | 30 | 103 | 111.00 | 0 | 0 | 0.88 | 6.67 |
| Mythology | 0 | 3 | 0 | 1 | 30 | 70 | 76.00 | 0 | 0 | 9.44 | 11.11 |
| History - Other | 0 | 3 | 2 | 1 | 20 | 84 | 97.67 | 0 | 0 | 2.76 | 11.11 |
| Science - Chemistry | 0 | 2 | 0 | 2 | 20 | 100 | 115.50 | 0 | 0 | 0.48 | 5.56 |
| Science - Biology | 0 | 2 | 0 | 0 | 20 | 73 | 90.50 | 0 | 0 | 3.60 | 3.33 |
| Social Science | 0 | 1 | 0 | 0 | 10 | 104 | 104.00 | 0 | 0 | 0.00 | 1.59 |
| Literature - European | 0 | 1 | 0 | 0 | 10 | 81 | 81.00 | 0 | 0 | 3.47 | 2.22 |
| Popular Culture | 0 | 1 | 0 | 0 | 10 | 72 | 72.00 | 0 | 0 | 6.91 | 11.11 |
| History - World | 0 | 1 | 1 | 1 | 5 | 108 | 108.00 | 0 | 0 | 0.00 | 1.11 |
| Religion | 0 | 1 | 1 | 0 | 5 | 15 | 15.00 | 1 | 1 | 8.62 | 10.00 |
| Fine Arts - Other | 0 | 1 | 1 | 0 | 5 | 97 | 97.00 | 0 | 0 | 0.20 | 3.33 |
| Science - Other | 0 | 0 | 0 | 0 | 0 | 0.00 | 0 | 0 | 0.00 | 0.00 | |
| Fine Arts - Classical Music | 0 | 1 | 2 | 1 | 0 | 111 | 111.00 | 0 | 0 | 0.09 | 4.44 |
| Science - Physics | 0 | 0 | 1 | 0 | -5 | 0.00 | 0 | 0 | 0.00 | 0.00 | |
| History - American | 0 | 0 | 1 | 0 | -5 | 0.00 | 0 | 0 | 0.00 | 0.00 | |
| History - European | 0 | 0 | 1 | 0 | -5 | 0.00 | 0 | 0 | 0.00 | 0.00 |